ბათუმის შოთა რუსთაველის სახელმწიფო უნივერსიტეტის ბიბლიოთეკა

სასოფლო–სამეურნეო ცხოველთა საჭმლის მომნელებელი ორგანოების დაავადებანი და მათი პროფილაქტიკა. (ბიბ.ჩანაწერი № 44862)

000 -LEADER
fixed length control field 01011nam a2200205Ia 4500
001 - CONTROL NUMBER
control field 11676
003 - CONTROL NUMBER IDENTIFIER
control field GE_BSU
008 - FIXED-LENGTH DATA ELEMENTS--GENERAL INFORMATION
fixed length control field 181216s||||||||xx |||||||||||||| ||und||
040 ## - CATALOGING SOURCE
Transcribing agency GE_BSU
080 ## - UNIVERSAL DECIMAL CLASSIFICATION NUMBER
Universal Decimal Classification number 619:616.3(075)
100 ## - MAIN ENTRY--PERSONAL NAME
Personal name დარჩიაშვილი,ა.ი.
245 ## - TITLE STATEMENT
Title სასოფლო–სამეურნეო ცხოველთა საჭმლის მომნელებელი ორგანოების დაავადებანი და მათი პროფილაქტიკა.
245 ## - TITLE STATEMENT
Remainder of title სახელმძღვანელო.
260 ## - PUBLICATION, DISTRIBUTION, ETC.
Place of publication, distribution, etc. თბილისი.
260 ## - PUBLICATION, DISTRIBUTION, ETC.
Name of publisher, distributor, etc. ცოდნა.
260 ## - PUBLICATION, DISTRIBUTION, ETC.
Date of publication, distribution, etc. 1962.
300 ## - PHYSICAL DESCRIPTION
Extent 198გვ;22სმ.
653 ## - INDEX TERM--UNCONTROLLED
Uncontrolled term სასოფლო–სამეურნეო ცხოველთა საჭმლის მომნელებელი ორგანოების დაავადებანი და მათი პროფილაქტიკა.
942 ## - ADDED ENTRY ELEMENTS (KOHA)
Koha item type წიგნი
ეგზემპლარები
Withdrawn status Lost status Damaged status Not for loan Date acquired Barcode Date last seen Price effective from Koha item type
        2018-12-17 20371 2018-12-17 2018-12-17 წიგნი